Pagos mensuales del IVA 2011

Detalles Bibliográficos
Autor principal: Domn̕guez Orozco, Jaime
Formato: eBook
Lenguaje:español
Publicado: Mx̌ico D.F. : Ediciones Fiscales ISEF, 2011
Materias:
Acceso en línea:http://www.vlex.com/source/11004

MARC

LEADER 00000nam a22000007a 4500
005 20130405133201.0
007 cr|||| ||||
008 130405e2011 mx |||||s|||| 00||0 spa d
020 |a 978-607-406-284-7 
035 |a 11004 
040 |a vLex 
090 |c 4141  |d 4141 
100 1 0 |a Domn̕guez Orozco, Jaime  
245 1 0 |a Pagos mensuales del IVA 2011  |c / Jaime Domn̕guez Orozco   |h [Recurso electrn̤ico] 
256 |a Servicio en ln̕ea 
260 |a Mx̌ico D.F. :  |b Ediciones Fiscales ISEF,   |c 2011 
300 |a 1 Recurso electrn̤ico 
506 |a Contenido solo disponible en los productos indicados  |d vLex Global  |d vLex Global (Academic Edition, excluding Law Schools)  |d vLex Global (U.S. Academic Edition, Law Schools)  |d vLex Global (U.S. Academic Edition, excluding Law Schools)  |d vLex Global (Academic Edition, Law Schools) 
650 0 4 |a Derecho tributario  |z Mx̌ico 
740 |a vLex Libros (Servicio en ln̕ea) 
856 |a Acceso restringido  |u http://www.vlex.com/source/11004 
942 |c BOOK 
999 0 |a Taxation